000 00606nam a22002417a 4500
001 81744
003 UA-OsUOA
005 20210414201808.0
007 ta
008 20120207b un ||||| |||| 00| 0 ukr d
020 _a966-7034-00-7
040 _aUA-OsUOA
_bukr
_cUA-OsUOA
_dUA-OsUOA
041 _aukr
080 _a821.161.2
090 _a821.161.2
_bГ95
100 _aГургула І.
245 _aКріль
260 _aЛьвів
_bОснова
_c1997
300 _a325 с.
650 7 _a82 Література. Літературознавство
_2UDC
942 _cBK
_2udc
955 _a3
999 _c368044
_d368044